<?xml version="1.0" encoding="UTF-8"?>
<record
    xmlns:xsi="http://www.w3.org/2001/XMLSchema-instance"
    xsi:schemaLocation="http://www.loc.gov/MARC21/slim http://www.loc.gov/standards/marcxml/schema/MARC21slim.xsd"
    xmlns="http://www.loc.gov/MARC21/slim">

  <leader>00297nam a22000977a 4500</leader>
  <controlfield tag="008">230720b        |||||||| |||| 00| 0 eng d</controlfield>
  <datafield tag="040" ind1=" " ind2=" ">
    <subfield code="a">National Science Library</subfield>
    <subfield code="c">National Science Library</subfield>
  </datafield>
  <datafield tag="245" ind1=" " ind2=" ">
    <subfield code="a">Biochimica et biophysica acta</subfield>
  </datafield>
  <datafield tag="260" ind1=" " ind2=" ">
    <subfield code="a">London: </subfield>
    <subfield code="b">Elesevier Publishing Company, </subfield>
  </datafield>
  <datafield tag="942" ind1=" " ind2=" ">
    <subfield code="c">CR</subfield>
  </datafield>
  <datafield tag="999" ind1=" " ind2=" ">
    <subfield code="c">53910</subfield>
    <subfield code="d">53910</subfield>
  </datafield>
  <datafield tag="952" ind1=" " ind2=" ">
    <subfield code="0">0</subfield>
    <subfield code="1">0</subfield>
    <subfield code="3">Vol. 25, (1957)</subfield>
    <subfield code="4">0</subfield>
    <subfield code="7">0</subfield>
    <subfield code="9">89847</subfield>
    <subfield code="a">NSL</subfield>
    <subfield code="b">NSL</subfield>
    <subfield code="c">FF/Rk-44/C-9/R-2</subfield>
    <subfield code="d">1971-08-19</subfield>
    <subfield code="l">0</subfield>
    <subfield code="p">38248</subfield>
    <subfield code="r">2023-07-20 00:00:00</subfield>
    <subfield code="w">1971-08-19</subfield>
    <subfield code="y">CR</subfield>
  </datafield>
  <datafield tag="952" ind1=" " ind2=" ">
    <subfield code="0">0</subfield>
    <subfield code="1">0</subfield>
    <subfield code="3">Vol. 265 (1-4), 1972</subfield>
    <subfield code="4">0</subfield>
    <subfield code="7">0</subfield>
    <subfield code="9">89854</subfield>
    <subfield code="a">NSL</subfield>
    <subfield code="b">NSL</subfield>
    <subfield code="c">FF/Rk-44/C-9/R-2</subfield>
    <subfield code="d">2005-03-01</subfield>
    <subfield code="l">0</subfield>
    <subfield code="p">222264</subfield>
    <subfield code="r">2023-07-20 00:00:00</subfield>
    <subfield code="w">2005-03-01</subfield>
    <subfield code="y">CR</subfield>
  </datafield>
  <datafield tag="952" ind1=" " ind2=" ">
    <subfield code="0">0</subfield>
    <subfield code="1">0</subfield>
    <subfield code="3">Vol. 29 , 1958</subfield>
    <subfield code="4">0</subfield>
    <subfield code="7">0</subfield>
    <subfield code="9">89921</subfield>
    <subfield code="a">NSL</subfield>
    <subfield code="b">NSL</subfield>
    <subfield code="c">FF/Rk-44/C-9/R-2</subfield>
    <subfield code="d">1971-08-19</subfield>
    <subfield code="l">0</subfield>
    <subfield code="p">38256</subfield>
    <subfield code="r">2023-07-20 00:00:00</subfield>
    <subfield code="w">1971-08-19</subfield>
    <subfield code="y">CR</subfield>
  </datafield>
  <datafield tag="952" ind1=" " ind2=" ">
    <subfield code="0">0</subfield>
    <subfield code="1">0</subfield>
    <subfield code="3">Vol. 218 , 1970</subfield>
    <subfield code="4">0</subfield>
    <subfield code="7">0</subfield>
    <subfield code="9">89925</subfield>
    <subfield code="a">NSL</subfield>
    <subfield code="b">NSL</subfield>
    <subfield code="c">FF/Rk-44/C-9/R-2</subfield>
    <subfield code="d">2004-03-22</subfield>
    <subfield code="l">0</subfield>
    <subfield code="p">155005</subfield>
    <subfield code="r">2023-07-20 00:00:00</subfield>
    <subfield code="w">2004-03-22</subfield>
    <subfield code="y">CR</subfield>
  </datafield>
  <datafield tag="952" ind1=" " ind2=" ">
    <subfield code="0">0</subfield>
    <subfield code="1">0</subfield>
    <subfield code="3">Vol. 22 , 1956</subfield>
    <subfield code="4">0</subfield>
    <subfield code="7">0</subfield>
    <subfield code="9">89931</subfield>
    <subfield code="a">NSL</subfield>
    <subfield code="b">NSL</subfield>
    <subfield code="c">FF/Rk-44/C-9/R-2</subfield>
    <subfield code="d">1971-08-19</subfield>
    <subfield code="l">0</subfield>
    <subfield code="p">38246</subfield>
    <subfield code="r">2023-07-20 00:00:00</subfield>
    <subfield code="w">1971-08-19</subfield>
    <subfield code="y">CR</subfield>
  </datafield>
  <datafield tag="952" ind1=" " ind2=" ">
    <subfield code="0">0</subfield>
    <subfield code="1">0</subfield>
    <subfield code="3">Vol. 125 , 1966</subfield>
    <subfield code="4">0</subfield>
    <subfield code="7">0</subfield>
    <subfield code="9">89933</subfield>
    <subfield code="a">NSL</subfield>
    <subfield code="b">NSL</subfield>
    <subfield code="c">FF/Rk-44/C-9/R-2</subfield>
    <subfield code="d">2004-03-22</subfield>
    <subfield code="l">0</subfield>
    <subfield code="p">155006</subfield>
    <subfield code="r">2023-07-20 00:00:00</subfield>
    <subfield code="w">2004-03-22</subfield>
    <subfield code="y">CR</subfield>
  </datafield>
  <datafield tag="952" ind1=" " ind2=" ">
    <subfield code="0">0</subfield>
    <subfield code="1">0</subfield>
    <subfield code="3">Vol. 24 , 1957</subfield>
    <subfield code="4">0</subfield>
    <subfield code="7">0</subfield>
    <subfield code="9">89937</subfield>
    <subfield code="a">NSL</subfield>
    <subfield code="b">NSL</subfield>
    <subfield code="c">FF/Rk-44/C-9/R-2</subfield>
    <subfield code="d">1971-08-19</subfield>
    <subfield code="l">0</subfield>
    <subfield code="p">38247</subfield>
    <subfield code="r">2023-07-20 00:00:00</subfield>
    <subfield code="w">1971-08-19</subfield>
    <subfield code="y">CR</subfield>
  </datafield>
  <datafield tag="952" ind1=" " ind2=" ">
    <subfield code="0">0</subfield>
    <subfield code="1">0</subfield>
    <subfield code="3">Vol. 21 , 1956</subfield>
    <subfield code="4">0</subfield>
    <subfield code="7">0</subfield>
    <subfield code="9">89958</subfield>
    <subfield code="a">NSL</subfield>
    <subfield code="b">NSL</subfield>
    <subfield code="c">FF/Rk-44/C-9/R-2</subfield>
    <subfield code="d">1971-08-19</subfield>
    <subfield code="l">0</subfield>
    <subfield code="p">38245</subfield>
    <subfield code="r">2023-07-20 00:00:00</subfield>
    <subfield code="w">1971-08-19</subfield>
    <subfield code="y">CR</subfield>
  </datafield>
</record>
